Tratado de derecho administrativo

Αποθηκεύτηκε σε:
Λεπτομέρειες βιβλιογραφικής εγγραφής
Κύριος συγγραφέας: Garrido Falla, Fernando (Συγγραφέας)
Μορφή: Βιβλίο
Γλώσσα:Ισπανικά
Έκδοση: Madrid Instituto de Estudios Políticos 1974
Έκδοση:5a. ed
Σειρά:Estudios de Administración, 22
Θέματα:
Ετικέτες: Προσθήκη ετικέτας
Δεν υπάρχουν, Καταχωρήστε ετικέτα πρώτοι!

MARC

LEADER 00000nam a2200000 a 4500
001 UCY0426
003 CL-VaPUC
008 940801e19740000SP |||||||||||||||||spa|d
082 0 4 |a 342.46  |b GAR  |2 21 
100 |a Garrido Falla, Fernando  |e author  |9 391225 
245 1 0 |a Tratado de derecho administrativo 
250 |a 5a. ed 
300 |a v 
942 |c BK 
945 |d 19940801 00:00:00  |a aalvarez 
260 |a Madrid  |b Instituto de Estudios Políticos  |c 1974 
500 |a v.2: Parte general: Conclusión 
650 0 |a Derecho administrativo  |9 254851 
651 0 |a España  |9 254926 
583 |a last modification  |c 19940801 00:00:00  |k Rodrigo Vera 
490 0 |a Estudios de Administración, 22 
999 |c 229426  |d 229424 
952 |0 0  |1 0  |4 0  |6 342_460000000000000_GAR_1974  |7 0  |8 A  |9 230534  |a BIBDER  |b BIBDER  |d 2019-11-15  |h v.2  |i 3000257  |o 342.46 GAR 1974  |p 3000257  |r 2023-01-25  |w 2019-11-15  |y BK  |k DER